000 00339pam a2200133 a 4500
020 _c
041 _aeng
082 _a336.0954
_bBHA
100 _aBhargava, R.N.
245 _aThe Teory and Working of Union Finance in India
_hTextual Documents
260 _aAllahabad:
_bChaitabya Pubn House ,
_c1977.
300 _a544p.
930 _a17257
999 _c94157
_d94157